1a Asamblea : Institución Sindical de Mutualidades : Barcelona, noviembre 1939 Institución Sindical de Mutualidades :
Descripción Física:
30 p., [9] p. soltes ; 22 cm
MARC
| LEADER | 00000nam a2200000Ia 4500 | ||
|---|---|---|---|
| 001 | 10733 | ||
| 003 | BGR | ||
| 005 | 20260410113646.0 | ||
| 008 | 160829s9999 xx 000 0 cat d | ||
| 080 | |a RF-7-37 | ||
| 110 | 2 | |a Institución Sindical de Mutualidades |9 71079 | |
| 245 | |a 1a Asamblea : |b Institución Sindical de Mutualidades : |b Barcelona, noviembre 1939 | ||
| 260 | |a Barcelona : |b (Imp. Borrás), [1939?] | ||
| 300 | |a 30 p., [9] p. soltes ; |c 22 cm | ||
| 650 | |a Institución Sindical de Mutualidades |9 37053 | ||
| 650 | |a Mutualisme |9 33987 | ||
| 856 | 4 | |u https://media.diba.cat/diba/fitxers/arxiu/fulletons/bib_10733_1939_baixa.pdf |y Accés lliure | |
| 856 | 4 | |u https://media.diba.cat/diba/fitxers/arxiu/fulletons/bib_10733_1939_baixa.pdf |y Accés lliure | |
| 900 | |a bib_10733_1939_baixa.pdf | ||
| 901 | |a Arxiu | ||
| 942 | |n 1 |2 udc |c MON | ||
| 952 | |0 0 |1 0 |4 0 |6 RF737 |7 1 |9 47624 |a Arxiu |b Arxiu |d 2016-12-01 |l 0 |o RF-7-37 |p 10733 |r 2016-12-01 00:00:00 |w 2016-12-01 |y ARXIU | ||
| 999 | |c 51423 |d 51423 | ||